Profile: Houses of Hogwarts Quiz Stats

 Plays Quiz Updated Feb 5, 2018

Challenge
Share
Tweet
Embed
Score 0/36 Timer 05:00
13 Plays Today
% Correct
Red
98.7%
Yellow
95.1%
Green
94.9%
Harry Potter
94.8%
Gold
94%
Blue
93.7%
Godric
92.9%
Nearly Headless Nick
92%
Serpent
91%
Lion
91%
Sword
88.9%
Severus Snape
88.8%
Severus Snape
88.8%
Black
88.7%
Ron Weasley & Hermione Granger
86.9%
Helga
86.4%
Salazar
86.2%
Rowena
86.1%
% Correct
Minerva McGonagall
85.6%
Draco Malfoy & Pansy Parkinson
85.6%
Silver
84.9%
Bronze
82%
Diadem
80.9%
Pomona Sprout
78.9%
Luna Lovegood
77.9%
Filius Flitwick
77.2%
Badger
77.2%
Cup
75.4%
Bloody Baron
75.1%
Cedric Diggory
73.6%
Grey Lady
71.7%
Eagle
68.6%
Fat Friar
62.8%
Locket
61.7%
Ernie Macmillan & Hannah Abbott
53.5%
Anthony Goldstein & Padma Patil
45.8%

You're not logged in!

Compare scores with friends on all Sporcle quizzes.
OR
Log In

You Might Also Like...

Show Comments

Extras

Top Quizzes Today


Score Distribution

Your Account Isn't Verified!

In order to create a playlist on Sporcle, you need to verify the email address you used during registration. Go to your Sporcle Settings to finish the process.

Report this User

Report this user for behavior that violates our Community Guidelines.

Details: